000 00395nam a2200145Ia 4500
008 230917s9999||||xx |||||||||||||| ||und||
040 _e160225
_aMAIN
041 _aEnglish
082 _a647.94 S23H
100 _aSharma, Yogendra K
245 0 _aHotel management: Educational and environmental aspects
260 _aNew Delhi
_bKanishka Publications
_c2004
300 _a402 p.
942 _cBK
999 _c135791
_d135791